| 000 | 00974nam a2200253 i 4500 | ||
|---|---|---|---|
| 001 | 115699 | ||
| 003 | ES-MaACL | ||
| 005 | 20230906190534.0 | ||
| 007 | t| | ||
| 008 | 070503s1973 sp b |||| |dspa d | ||
| 080 | _a016:[92:849.9 | ||
| 100 | 1 |
_aTorres Amat, Félix. _9110925 |
|
| 245 | 1 | 0 |
_aMemorias para ayudar a formar un diccionario crítico de los escritores catalanes (Barcelona, 1836) / _cper Fèlix Torres Amat. |
| 260 |
_aBarcelona : _bCurial, _c1973. |
||
| 300 |
_aXLIV, 719 p. ; _c24 cm. |
||
| 490 | 1 |
_aDocuments de cultura-facsímils ; _v1 |
|
| 534 |
_pReprod. de la ed. de: _cBarcelona : Imp. J. Verdaguer, 1836. |
||
| 650 | 1 | 4 |
_aEscritores catalanes- _vBiobibliografías. _912382 |
| 650 | 4 |
_aLiteratura catalana- _vDiccionarios. _9155213 |
|
| 785 | 0 | 0 | _tSuplemento al Diccionario crítico de los escritores catalanes (Burgos, 1849) |
| 830 | 0 |
_aDocuments de cultura-facsímils ; _v1 _9191160 |
|
| 852 |
_aES-MaACL _jC-54681 |
||
| 999 |
_c115699 _d115699 |
||